Introduction to semiconductor physics / (Record no. 1810)

MARC details
000 -LEADER
fixed length control field 01213nac a22003011i 4500
003 - CONTROL NUMBER IDENTIFIER
control field EG-ScBUE
005 - DATE AND TIME OF LATEST TRANSACTION
control field 20250624083050.0
008 - FIXED-LENGTH DATA ELEMENTS--GENERAL INFORMATION
fixed length control field 250616t1964 nyua f 001 0 eng d
040 ## - CATALOGING SOURCE
Original cataloging agency EG-ScBUE
Language of cataloging eng
Description conventions rda
Transcribing agency EG-ScBUE
Modifying agency EG-ScBUE
082 04 - DEWEY DECIMAL CLASSIFICATION NUMBER
Classification number 537.622
Item number ADL
Edition number 22
100 1# - MAIN ENTRY--PERSONAL NAME
Personal name Adler, Richard B.,
Relator term author.
245 10 - TITLE STATEMENT
Title Introduction to semiconductor physics /
Statement of responsibility, etc by R. B. Adler, Massachusetts Institute of Technology, A. C. Smith, Massachusetts Institute of Technology, R. L. Longini, Carnegie Institute of Technology, formerly with Westinghouse Research Laboratories, Pittsburgh, Pa.
264 #1 - PUBLICATION, DISTRIBUTION, ETC. (IMPRINT)
Place of publication, distribution, etc New York :
Name of publisher, distributor, etc John Wiley & Sons, Inc.,
Date of publication, distribution, etc [1964]
264 #4 - PUBLICATION, DISTRIBUTION, ETC. (IMPRINT)
Date of publication, distribution, etc c1964
300 ## - PHYSICAL DESCRIPTION
Extent xiv, 247 pages :
Other physical details illustrations ;
Dimensions 22 cm.
336 ## - CONTENT TYPE
Source rdacontent
Content type term text
Content type code txt
337 ## - MEDIA TYPE
Media type term unmediated
Source rdamedia
Media type code n
338 ## - CARRIER TYPE
Carrier type term volume
Carrier type code nc
Source rdacarrier
490 0# - SERIES STATEMENT
Series statement Semiconductor Electronics Education Committee books ;
Volume number/sequential designation volume 1
500 ## - GENERAL NOTE
General note Includes index.<br/>
500 ## - GENERAL NOTE
General note Includes appendix.<br/>
650 #7 - SUBJECT ADDED ENTRY--TOPICAL TERM
Topical term or geographic name as entry element Semiconductors.
Source of heading or term BUEsh
655 ## - INDEX TERM--GENRE/FORM
Form subdivision Reading book
700 1# - ADDED ENTRY--PERSONAL NAME
Personal name Smith, A. C.,
Relator term author.
700 1# - ADDED ENTRY--PERSONAL NAME
Personal name Longini, Richard L.,
Dates associated with a name 1913-2005,
Relator term author.
942 ## - ADDED ENTRY ELEMENTS (KOHA)
Koha item type Book - Borrowing
Source of classification or shelving scheme Dewey Decimal Classification
Holdings
Withdrawn status Lost status Source of classification or shelving scheme Damaged status Not for loan Collection code Home library Current library Shelving location Date acquired Source of acquisition Total Checkouts Full call number Barcode Date last seen Koha item type
    Dewey Decimal Classification     Baccah Central Library Central Library First floor 17/12/2006 Donation   537.622 ADL 000002506 15/07/2025 Book - Borrowing